000 00927cam a22002054a 4500
005 20250605164025.0
008 250528s ||||||||||||||||||||||||d
035 _a16475
020 _a6861695
040 _aGR-AtMCL
_bgre
_dGR-AtMCL
_eAACR2
245 1 _aThe Identity of France / History and Environment Volume I
250 _a1st
260 _bFontana Press,
_c1989
300 _a432
520 _aBraudel sheds light on every aspect of France, from every conceivable angle. Introduction to the Identity of France, History and Environment, The Diversity of France, The Pattern of settlement: Villages and Bourges and Towns, Explaining the System: The Bourg, Explaining the System: The Towns, was France Invented by Its Geography?, The Frontier: A Crucial Test, History and Environment: A Few Last Words, Notes, Glossary, Index.
700 1 _aBraudel Fernand
_92568
942 _cBK
999 _c1970
_d1970